| 000 | 00697nam a2200241 a 4500 | ||
|---|---|---|---|
| 001 | 896583 | ||
| 003 | OSt | ||
| 005 | 20230822122632.0 | ||
| 008 | 820322s1980 ii b 001 0 eng | ||
| 010 | _a 80904855 | ||
| 020 | _a9789353167301 | ||
| 040 |
_aDLC _cDLC _dDLC |
||
| 043 | _aa-ii--- | ||
| 050 | 0 | 0 |
_aHG187.I4 _bK48 |
| 082 | 0 | 0 |
_a332.10954 _bKHA/I |
| 100 |
_aKhan, M Y _91004 |
||
| 245 | 1 | 0 |
_aIndian financial system _b/ _cM.Y. Khan. |
| 260 |
_aChennai : _bMcgraw hill, _c2022. |
||
| 300 | _amultipagination | ||
| 504 | _aIncludes bibliographical references and index. | ||
| 650 | 0 |
_aFinance _zIndia. |
|
| 942 |
_2ddc _cBK _h332.10954 _iKHA/I _k332.10954 _mKHA/I |
||
| 999 |
_c41945 _d41945 |
||